| 000 | 00375cam a2200145ua 4500 | ||
|---|---|---|---|
| 041 |
_aeng _h |
||
| 082 |
_a530.41 _bPHI/AD |
||
| 100 | _aPhillips, Philip . | ||
| 245 |
_aAdvanced solid state physics / _cPhilip Phillips. _hTextual Documents |
||
| 260 |
_aNew Delhi : _bOverseas India Pvt ltd , _c2008. |
||
| 300 | _a ; . | ||
| 504 | _a | ||
| 942 | _cBK | ||
| 999 |
_c13478 _d13478 |
||